000 00716nam a2200169 i 4500
001 165171
003 ES-MaACL
005 20230906213059.0
008 991202s1826 fr |||| | fre d
040 _aM-RAJU
_bspa
_cM-RAJU
_dCCPB | B
100 1 _aSempere y Guarinos, Juan (
_d1754-1830)
_9105412
245 1 0 _aConsidérations sur les causes de la grandeur et de la décadence de la monarchie espagnole /
_cpar Sempéré ; tome premier [- seconde partie].
260 _aParis :
_bJules Renouard,
_c1826.
300 _a2 t. ([4], xxiii, [xxiv], 320 p.; [4], 295, [1] p.) ;
_c18 cm.
650 4 _aMonarquía-
_zEspaña-
_vHistoria.
_915145
852 _aES-MaACL
_jR-1934-35
_z-- Enc. hol.
_x-- Olim: G-8823-8824.
999 _c165171
_d165171